№ 2; Проблемы черной металлургии и материаловедения

Bibliographic Details
Parent link:Проблемы черной металлургии и материаловедения. № 2.— , 2020-
Summary:Режим доступа: по договору с организацией-держателем ресурса
Language:Russian
Published: 2020
Online Access:https://elibrary.ru/contents.asp?id=43040979
Format: Electronic Book
KOHA link:https://koha.lib.tpu.ru/cgi-bin/koha/opac-detail.pl?biblionumber=585481

MARC

LEADER 00000nam2a2200000 4500
001 585481
005 20231101131255.0
035 |a (RuTPU)RU\TPU\prd\287920 
035 |a RU\TPU\prd\287716 
090 |a 585481 
100 |a 20200706a20079999k y0rusy50 ca 
101 0 |a rus 
102 |a RU 
181 0 |a i  
182 0 |a b 
200 0 |a № 2  |b Электронный ресурс 
203 |a Текст  |c электронный 
210 |d 2020 
333 |a Режим доступа: по договору с организацией-держателем ресурса 
461 1 |0 (RuTPU)RU\TPU\prd\287715  |t Проблемы черной металлургии и материаловедения  |v № 2  |d 2020- 
801 0 |a RU  |b 63413507  |c 20010227  |g PSBO 
801 1 |a RU  |b 63413507  |c 20170824 
801 2 |a RU  |b 63413507  |c 20210427  |g RCR 
856 4 0 |u https://elibrary.ru/contents.asp?id=43040979 
942 |c BK